000 00209nam a2200109Ia 4500
100 _aDICK-LARKAM
942 _cBK
245 _aPROFIT IMPROVED TECHNIQUES
260 _b#N/A
546 _aENGLISH
999 _c24580
_d24580